000 00770nas a2200253Ia 4500
001 R415/38233
003 IT-RoPAU
008 151124c99999999xx |||||||||||| ||und||
040 _aIT-RoPAU
040 _cIT-RoPAU
041 _aFRANCESE
100 _aBizot Jean Francois
_gCodice Aut. SPICS: 24008
210 _aMUSIQUE EN JEU
222 _aMusique En Jeu
245 _aMUSIQUE EN JEU (02) MUSIQUE, LANGUAGE, SOCIETE
_bPop Heureux Ont Une Histoire (Les)
250 _a1a ed.
260 _aPARIS
_bSEUIL
_c1971
501 _bPaulus - SPICS - Società San Paolo EM (non-commercial uses only)
_cCopyright2015
300 _a7 p. [74-80]
362 _aVOL.02,
500 _aDossier-Sulla-Musica-Pop
650 _aMUSICA
_vPUBBLICAZIONE PERIODICA
942 _cCR
999 _c181883
_d181883